[Event "BAN-chB 44th"]
[Site "Dhaka"]
[Date "2018.11.17"]
[Round "6"]
[White "Avik, Sarker"]
[Black "Tariqul Islam, Belal"]
[Result "1/2-1/2"]
[WhiteElo "1947"]
[BlackElo "1869"]
[PlyCount "88"]
[EventDate "2018.11.13"]
[EventType "swiss"]
[EventRounds "9"]
[EventCountry "BAN"]
[SourceTitle "CBM 187 Extra"]
[Source "ChessBase"]
[SourceDate "2018.11.04"]
[SourceVersion "1"]
[SourceVersionDate "2018.11.04"]
[SourceQuality "1"]

1. d4 Nf6 2. Nf3 d5 3. Bf4 c5 4. e3 Qb6 5. Nc3 e6 6. dxc5 Bxc5 7. Nb5 Na6 8. c3 Bd7 9. a4 0-0 10. Ne5 Bxb5 11. Bxb5 Rad8 12. Qe2 Nc7 13. Bd3 a5 14. h4 Ne4 15. 0-0 f6 16. Nc4 dxc4 17. Bxe4 f5 18. Bc2 Nd5 19. Qxc4 Nxf4 20. exf4 Bxf2+ 21. Rxf2 Rd2 22. Raf1 Rxc2 23. Qd4 Qxd4 24. cxd4 Rfc8 25. b3 Rxf2 26. Rxf2 Rc3 27. Rf3 Rxf3 28. gxf3 Kf7 29. Kf2 Kg6 30. Kg3 Kh5 31. Kh3 h6 32. Kg3 b6 33. Kh3 g5 34. hxg5 hxg5 35. fxg5 Kxg5 36. Kg3 f4+ 37. Kf2 Kh4 38. Kg2 Kg5 39. Kf2 e5 40. dxe5 Kf5 41. e6 Kxe6 42. Ke2 Ke5 43. Kd3 Kd5 44. Kc3 Kc5 1/2-1/2